000 00790cam a22002535a 4500
001 L154250
008 111107s2011 xxko f 000 0 eng d
020 _a9781848062276
035 _a(Sirsi) u154250
041 0 _aeng
100 1 _aSutton, Andy
245 0 0 _aUnfired clay masonry
_ban introduction to low-impact building materials
260 _aWatford
_bBRE
_c2011
300 _a6p.
_bill.
_c30cm.
490 0 _aBRE Information Paper
_v(16/11)
520 _aDiscusses the benefits and limitations of using unfired clay masonry in building projects.
521 _aAdvanced
590 _aKA
651 4 _aUnited Kingdom
_y
690 _aBUILT ENVIRONMENT-BUILDING ELEMENTS-COMPLETE BUILDING ELEMENTS-WALLS
700 1 _aBlack, Daniel
700 1 _aWalker, Peter
942 _n0
999 _c112905
_d112905